000
00294nam a22001337a 4500
020
_a
978-81-8495-523-1
082
_a
920
_b
MEM/M
100
_a
MEMON,AYAZ
245
_a
M S DHONI
260
_a
MUMBAI
_b
JAICO PUBLISHING HOUSE
300
_a
21/11/2019
650
_a
BIOGRAPHY
_z
MUMBAI
942
_c
BK
999
_c
6190
_d
6190